000 01088nam a2200217Ia 4500
001 10460
003 GE_BSU
008 181216s||||||||xx |||||||||||||| ||und||
020 _a9789992895269
040 _cGE_BSU
080 _a821.353.1–3+821.353.1–32+821.353.1–31
245 _aქართული პროზა:წ.13:სოფრომ მგალობლიშვილი.ეკატერინე გაბაშვილი
245 _cშემდგ:გ.გვერდწითელი;რ.თვარაძე. სარედ.კოლ:გრ.აბაშიძე, ე.მაღრაძე და სხვ; რედ:ნ.აბესაძე;მხატვ:დ.დუნდუა.
260 _aთბილისი
260 _bსაბჭოთა საქართველო
260 _c1987
300 _a556გვ;20სმ.
541 _h8ლ.
653 _aქართული პროზა:წ.13:სოფრომ მგალობლიშვილი.ეკატერინე გაბაშვილი
942 _cBK
999 _c43719
_d43719